Pays d'Europe grâce à leur capitale et leur latitude - Statistiques

Statistiques générales
  • Ce quiz a été pris 127 fois
  • Le résultat moyen est 42 sur 45
Statistiques - réponses
Latitude Capitale Pays % Correct
60.17 Helsinki Finlande
99%
59.95 Oslo Norvège
99%
52.52 Berlin Allemagne
98%
48.2 Vienne Autriche
98%
50.85 Bruxelles Belgique
98%
55.67 Copenhague Danemark
98%
48.85 Paris France
98%
49.6 Luxembourg Luxembourg
98%
51.5 Londres Royaume-Uni
98%
55.75 Moscou Russie
98%
59.32 Stockholm Suède
98%
40.38 Madrid Espagne
97%
37.97 Athènes Grèce
97%
47.47 Budapest Hongrie
97%
53.33 Dublin Irlande
97%
41.9 Rome Italie
97%
64.13 Reykjavík Islande
96%
43.72 Monaco Monaco
96%
52.37 Amsterdam Pays bas
96%
38.7 Lisbonne Portugal
96%
50.08 Prague République tchèque
96%
50.45 Kiev Ukraine
96%
42.5 Andorre-la-Vieille Andorre
95%
59.43 Tallinn Estonie
95%
52.23 Varsovie Pologne
95%
46.95 Berne Suisse
95%
41.9 Cité du Vatican Vatican
95%
53.9 Minsk Biélorussie
94%
45.82 Zagreb Croatie
93%
56.93 Riga Lettonie
93%
44.42 Bucarest Roumanie
93%
43.93 Saint-Marin Saint-Marin
93%
41.32 Tirana Albanie
92%
35.88 La Valette Malte
92%
48.13 Bratislava Slovaquie
92%
46.05 Ljubljana Slovénie
92%
42.7 Sofia Bulgarie
91%
54.68 Vilnius Lituanie
91%
44.82 Belgrade Serbie
91%
43.87 Sarajevo Bosnie-Herzégovine
88%
42.43 Podgorica Montenegro
88%
42 Skopje Macédoine du Nord
86%
42.67 Pristina Kosovo
85%
47 Chisinau Moldavie
81%
47.13 Vaduz Liechtenstein
79%
Aucun quiz correspondant
Distribution des résultats
% des personnes avec chaque résultat
Percentile par nombre de réponses
Votre historique - résultats
Vous n’avez pas pris ce quiz